Specifier: sport and leisure (Record no. 75542)

MARC details
000 -LEADER
fixed length control field 00640cab a2200169 4500
001 - CONTROL NUMBER
control field L130310
008 - FIXED-LENGTH DATA ELEMENTS--GENERAL INFORMATION
fixed length control field 050713n2005 000 0 eng u
035 ## - SYSTEM CONTROL NUMBER
System control number (Sirsi) u130310
041 ## - LANGUAGE CODE
Language code of text/sound track or separate title eng
245 ## - TITLE STATEMENT
Title Specifier: sport and leisure
260 ## - PUBLICATION, DISTRIBUTION, ETC.
Date of publication, distribution, etc. 2005
490 ## - SERIES STATEMENT
Series statement Building
Volume/sequential designation 270(8386) 17 June 2005, 66-76(8)
520 ## - SUMMARY, ETC.
Summary, etc. Looks at how to specify gyms and nightclubs. Includes products, checklist for vapour control and a guide to specialist suppliers. Profiles architect AFL's design for a sports stadium in Abu Dhabi.
590 ## - LOCAL NOTE (RLIN)
Local note IKA190705
690 ## - LOCAL SUBJECT ADDED ENTRY--TOPICAL TERM (OCLC, RLIN)
Topical term or geographic name as entry element PROPERTY-COMMERCIAL PROPERTY-LEISURE PROPERTY-SPORTS PROPERTY
942 ## - ADDED ENTRY ELEMENTS (KOHA)
Suppress in OPAC 0
Holdings
Withdrawn status Lost status Source of classification or shelving scheme Damaged status Not for loan Home library Current library Shelving location Date acquired Total Checkouts Full call number Barcode Date last seen Copy number Price effective from Koha item type
    Dewey Decimal Classification     London London Journal article 13/07/2005   L130310 130310-1001 06/08/2019 1 06/08/2019 Journal article